|
|
|
|
| LEADER |
00000cam a2200000 7i4500 |
| 001 |
0000086308 |
| 005 |
20211128.0 |
| 008 |
210121 |
| 020 |
|
|
|a 9789670911403
|
| 041 |
0 |
|
|a Malay
|
| 090 |
0 |
0 |
|a 658.0088297
|b SID
|
| 100 |
0 |
|
|a Sidek Baba
|c Dato', Prof., Dr., ,
|d 1946-
|
| 245 |
1 |
0 |
|a Modal insan Islami
|c Sidek Baba
|
| 260 |
|
|
|a Selangor :
|b MZ Edu Publications ,
|c 2020
|
| 300 |
|
|
|a 101 p. ;
|c 21.5 cm.
|
| 541 |
0 |
0 |
|c Purchased on 2020
|f 202024 MZE
|h RM22.00
|
| 650 |
|
0 |
|a Human capital
|x Religious aspects
|x Islam
|
| 650 |
|
0 |
|a Religious life
|x Islam
|
| 999 |
|
|
|a 0001650707
|b Book
|c Adult Collection
|e Cawangan Bandar Tenggara
|
| 999 |
|
|
|a 0001650708
|b Book
|c Adult Collection
|e Cawangan Tangkak
|
| 999 |
|
|
|a 0001650710
|b Book
|c Adult Collection
|e Cawangan Tmn. Ungku Tun Aminah
|
| 999 |
|
|
|a 0001650711
|b Book
|c Adult Collection
|e Cawangan Bandar Penawar
|
| 999 |
|
|
|a 0001650712
|b Book
|c Adult Collection
|e Cawangan Muar
|
| 999 |
|
|
|a 0001650713
|b Book
|c Adult Collection
|e Cawangan Segamat
|
| 999 |
|
|
|a 0001650714
|b Book
|c Adult Collection
|e Cawangan Taman Sri Lambak
|
| 999 |
|
|
|a 0001650715
|b Book
|c Adult Collection
|e Cawangan Pontian
|
| 999 |
|
|
|a 0001650716
|b Book
|c Adult Collection
|e Cawangan Kota Tinggi
|
| 999 |
|
|
|a 0001650717
|b Book
|c Adult Collection
|e Cawangan Mersing
|
| 999 |
|
|
|a 0001650718
|b Book
|c Adult Collection
|e Cawangan Bukit Gambir
|
| 999 |
|
|
|a 0001650719
|b Book
|c Adult Collection
|e Cawangan Batu Pahat
|
| 999 |
|
|
|a 0001651265
|b Book
|c Adult Collection
|e Perbadanan Perpustakaan Awam Johor
|
| 999 |
|
|
|a 0001651266
|b Book
|c Adult Collection
|e Perbadanan Perpustakaan Awam Johor
|
| 999 |
|
|
|a 0001651267
|b Book
|c Adult Collection
|e Cawangan Urban Transformation Centre
|
| 999 |
|
|
|a 0001651268
|b Book
|c Adult Collection
|e Cawangan AEON Kulaijaya
|